| 000 | 00902nam a2200217Ia 4500 | ||
|---|---|---|---|
| 003 | Ost | ||
| 005 | 20260507074910.0 | ||
| 008 | 260507s9999||||xx |||||||||||||| ||und|| | ||
| 040 | _cfsecg | ||
| 041 | _aara | ||
| 082 | _a332.642 | ||
| 100 |
_aحماد، طارق عبد العال _eمؤلف |
||
| 245 | 0 |
_aدليل التعامل في البورصة / _c طارق عبد العال حماد |
|
| 260 |
_aالإسكندرية: _bالدار الجامعية للنشر, _c2007 |
||
| 300 |
_a197 صفحة؛ _bإيضاحات ؛ _c24 سم |
||
| 504 | _aببليوغرافيا: ص.191 | ||
| 520 | _aمفاهيم أساية للأوراق المالية والأسواق المالية، التحليل الأساسي، تحليل العوامل الموضوعية، التحليل الفني للسوق | ||
| 653 | _aالأسواق المالية | ||
| 653 | _aالبورصات | ||
| 942 | _cكتاب | ||
| 999 |
_c41729 _d41729 |
||